Normal view
MARC view
- Kawaller, Ira G.
Entry Personal Name
001 - CONTROL NUMBER
- control field: 45373
003 - CONTROL NUMBER IDENTIFIER
- control field: OSt
005 - DATE AND TIME OF LATEST TRANSACTION
- control field: 20220603134803.0
008 - FIXED-LENGTH DATA ELEMENTS
- fixed length control field: 220603|| aca||aabn | a|a d
040 ## - CATALOGING SOURCE
- Original cataloging agency: OSt
- Transcribing agency: OSt
100 ## - HEADING--PERSONAL NAME
- Personal name: Kawaller, Ira G.
670 ## - SOURCE DATA FOUND
- Source citation: Work cat.: (OSt): Kawaller, Ira G., Disclosures on derivatives and hedging transactions:, ©2012.
